Quizzes
Events
Quiz Creation
Community
Videos
Private Events
Remove Ads
Sign In
Join for FREE
Feedback
Dark Mode
Quiz Categories
Sports
Geography
Music
Movies
Television
Just For Fun
Miscellaneous
History
Literature
Language
Science
Gaming
Entertainment
Religion
Holiday
For Kids
Quiz Lab
Recent
Popular Today
Quiz Kudos Today
Editor Picks
Curator Picks
Quizzes by...
Day
Popularity
Type
Ratings
Length
Year
Community
Subscriptions
Recent Discussions
Orange Saloon
Badges
Playlists
Quests
Create
Leaderboards
Showdown
Live 5
Trivia Bingo
Activity
Puzzle Library
Sporcle Events
Private Events
Virtual Trivia
Globe League
Become a Host
Pub Owners
SporcleCon
Opinionation
Our Games
Videos
Blog
Mobile Apps
Partnerships
Remove Ads and Go Orange
Feedback
Just For Fun
Clickable
Get the Picture
Humor
Quick Pick
Word Ladder
Missing Word
Mixed Word
Blitz
Minefield
This or That
Alphabet
Color
Typing
Sporcle
Puzzle
Word Play
Follow That Line
Logic
Just For Fun
Clickable
Get the Picture
Humor
Quick Pick
Word Ladder
Missing Word
Mixed Word
Blitz
Minefield
This or That
Alphabet
Color
Typing
Sporcle
Puzzle
Word Play
Follow That Line
Logic
Random Quiz
Search Sporcle
×
Quiz Lab
Quiz Lab
Just For Fun
Food
Type in answers that appear in a list
Type in answers that appear in a list
Classic
Best Score? Go Orange.
Foods that start with 'L' Stats
Can you name the foods that start with an 'L'?
By
HelloR
10m
30 Questions
2,400 Plays
2,400 Plays
2,400 Plays
Comments
Comments
Give Quiz Kudos
Give Quiz Kudos
-
- Ratings
hide this ad
Replay
Link that replays current quiz
Next Quiz
Link to next quiz in quiz playlist
You Got
0%
They Got
Avg Score
38%
Avg Friend Score
Upgrade to see
Score Distribution
Jump to the score distribution portion of the page
Score
0/30
Timer
10:00
0
Plays Today
Food Hint
The 'L' Food
% Correct
A red seafood
Lobster
93%
A green vegetable (similar to am lemon)
Limes
76.3%
A yellow vegetable (similar to a lime)
Lemons
75.3%
Long, flat pasta
Linguine
73.7%
A round candy on a stick
Lollipop
73.1%
Animal organ
Liver
73.1%
Extra food for previous days
Leftovers
71.9%
A bean
Lima beans
69.5%
Fish related to the cod
Ling
68.8%
A long red candy in strips
Licorice
59%
Pasta with meat/
vegetables
Lasagne
54.7%
An animal
Lamb
49.1%
The white solid or semisolid rendered fat of a hog
Lard
44.9%
A green vegetable
Lettuce
42%
Seeds of plant used in soups
Lentils
38.3%
Food Hint
The 'L' Food
% Correct
Small finger-
shaped sponge cake
Ladyfingers
37%
A bread _
_
_
_
Loaf
37%
A smoked seafood
Lox
29.8%
A pod, such as that of a pea or bean (French word for vegetable)
Legumes
25.2%
Aromatic oil that smells like lemon and is widely used in Asian cooking
Lemongrass
16.4%
Chinese fruit
Lichee
9.1%
An eel like fish
Lamprey
8.3%
Liver pudding
Liverwurst
8.3%
Semisoft cheese of whole milk
Limburger cheese
8.1%
Norweigan Lobster
Langoustine
4.7%
Red-
fruited bramble native from Oregon to Baja California
Loganberries
2.4%
A culinary dish consisting of lamb or mutton, onion and potatoes
Lancashire hotpot
2.3%
Processed and salted roe of the female lumpsucker
Lumpfish roe
2.2%
Brown sauce with sauteed chopped onions and parsley and dry white wine or vinegar
Lyonnaise sauce
0.9%
Stew of meat and vegetables and hardtack
Lobscouse
0.5%
Quiz Playlist
Details
Report
Send in Message
Add To Playlist
Classic:
Type in answers that appear in a list
Quiz Source
Last Updated: Feb 16, 2017
Quiz Scoreboard
CHALLENGE
Sign Up to Join the Scoreboard
Show All
Scores
Hide
Comments
May contain spoilers
Recently Published
An Introduction to Baseball
by treessimontrees
Sports
5m
Movies - When Are They Set?
by FPL_Elf
Movies
5m
Popular People in 1961
by mucciniale
History
6m
More to Explore
Quiz From the Vault
Featured Blog Post
Where Did the Easter Bunny Come From?
hide this ad
You Might Also Like...
Tags
Food Quiz
start
Today's Top Quizzes in Just For Fun
Browse Just For Fun
hide this ad
Today's Top Quizzes in Food
Browse Food
Top Contributed Quizzes in Just For Fun
1
Crossword Whiteout! 49
2
Killer Double Trees 224 - Colour Match-Up
3
Harry Potter Logic - 'In Chains' II
4
Spring Typing Challenge
5
Survivor Winners Logic Puzzle
6
Zeroing In: Just For Fun
7
Word Ladder: Ahoy Matey
8
Edinburgh Fringe jokes 2015
9
Thermometer Puzzle 25
10
Aquarium Logic Puzzle 17
Explore More
Trending Topics
Harry Potter
Anime
Marvel
NBA
Kpop
Disney
Crossword
Country
WWE
Soccer
Song
Pokémon
NFL
The Office
Puzzle
hide this ad
More By:
HelloR
Quiz
Plays
Rating
Category
Featured
Created
Foods that start with 'L'
2,400
2.00
Just For Fun
Dec 18, 2009
Types of Cookies
750
2.83
Just For Fun
Nov 20, 2009
XBOX 360 Best-selling games
425
2.11
Gaming
Dec 14, 2009
Types of Monopoly
141
1.29
Gaming
Jan 13, 2010
Tablets
23
3.00
Miscellaneous
Jan 28, 2010
Go to Creator's Profile
Score Distribution
Quiz Creator Spotlight
HelloR
Follow
Send a Message
Quizzes Created
-
Created Quiz Play Count
-
More By This Creator
Popular Quizzes Today
1
Find the Countries of Europe - No Outlines Minefield
2
Find the US States - No Outlines Minefield
3
The Countries of the World
4
Popular People in 1961
5
Find the US States
6
US States
7
1-10 Letter E Words III
8
Risky Map Clicking: Biggest States A-Z
More Just For Fun Quizzes
Get the Picture: US Border Cities
Published
Trending Quizzes
Risky Map Clicking: Least Populous States A-Z
1-10 Letter F Words
1-10 Letter G Words
Not Quite an Element Typing Challenge
One Thing in Common: United Kingdom
Recently Updated
Leaping Animals
pecheneg
Reality TV Shows (A-Z)
bhenderson79
Rickey Henderson's Hall of Fame Teammates
pecheneg
Champions League XIs: Arsenal
pecheneg
Quick Pick: Celebrities in WWE's Hall of Fame
aduchscher
A-Z Keypad Blitz II
pecheneg
Multiple Oscar Actors
pecheneg
Mystery Phrase Blitz: Oscar 'Best Actors'
pecheneg
F. Scott Fitzgerald Novels
LTH
Pick 3 Villains
ddd62291
Trending Topics
Anime
Kpop
Harry Potter
Disney
Marvel
Crossword
NBA
The Office
Country
WWE
Soccer
Pokémon
Puzzle
Song
NFL
Your Account Isn't Verified!
In order to create a playlist on Sporcle, you need to verify the email address you used during registration. Go to your
Sporcle Settings
to finish the process.
Report this User
Report this user for behavior that violates our
Community Guidelines
.
Details:
Send Report
Go to the Sporcle.com Mobile Site →
Comments